ARRUPE JESUIT UNIVERSITY

CORONAVIRUS -STOP THE SPREAD - CLEAN,DISINFECT,COVER

Understanding poverty, promoting wellbeing, and sustainable development : (Record no. 122476)

MARC details
000 -LEADER
fixed length control field 01093cam a2200289 i 4500
001 - CONTROL NUMBER
control field 17922502
003 - CONTROL NUMBER IDENTIFIER
control field ARRUPE
005 - DATE AND TIME OF LATEST TRANSACTION
control field 20150324165557.0
008 - FIXED-LENGTH DATA ELEMENTS--GENERAL INFORMATION
fixed length control field 131030e201211 rh a b f000 0 eng
010 ## - LIBRARY OF CONGRESS CONTROL NUMBER
LC control number 2012310966
020 ## - INTERNATIONAL STANDARD BOOK NUMBER
International Standard Book Number 9780797451803
040 ## - CATALOGING SOURCE
Original cataloging agency DLC
Language of cataloging eng
Transcribing agency DLC
Description conventions rda
042 ## - AUTHENTICATION CODE
Authentication code lcode
-- pcc
043 ## - GEOGRAPHIC AREA CODE
Geographic area code f-rh---
050 00 - LIBRARY OF CONGRESS CALL NUMBER
Classification number HC910.Z9
Item number P6375 2012
300 ## - PHYSICAL DESCRIPTION
Other physical details color illustrations ;
Dimensions 30 cm
245 00 - TITLE STATEMENT
Title Understanding poverty, promoting wellbeing, and sustainable development :
Remainder of title a sample survey of 16 districts of Zimbabwe /
Statement of responsibility, etc edited by Jeanette Manjengwa, Sara Feresu and Admos Chimhowu.
300 ## - PHYSICAL DESCRIPTION
Extent xiii 108 pages :
504 ## - BIBLIOGRAPHY, ETC. NOTE
Bibliography, etc Includes bibliographical references.
650 #0 - SUBJECT ADDED ENTRY--TOPICAL TERM
Topical term or geographic name as entry element Poverty
Geographic subdivision Zimbabwe.
9 (RLIN) 16469
700 1# - ADDED ENTRY--PERSONAL NAME
Personal name Manjengwa, J. M.,
Relator term editor.
9 (RLIN) 13256
700 1# - ADDED ENTRY--PERSONAL NAME
Personal name Feresu, Sara,
Relator term editor.
9 (RLIN) 16470
700 1# - ADDED ENTRY--PERSONAL NAME
Personal name Chimhowu, Admos,
Relator term editor.
9 (RLIN) 16471
710 2# - ADDED ENTRY--CORPORATE NAME
Corporate name or jurisdiction name as entry element University of Zimbabwe.
Subordinate unit Institute of Environmental Studies.
9 (RLIN) 16472
906 ## - LOCAL DATA ELEMENT F, LDF (RLIN)
a 7
b cbc
c origode
d 3
e ncip
f 20
g y-gencatlg
942 ## - ADDED ENTRY ELEMENTS (KOHA)
Source of classification or shelving scheme Library of Congress Classification
Koha item type Monograph ( Printed materials)

No items available.

 

Arrupe Library. PO Box MP320 Mt Pleasant, Harare, Zimbabwe
263 242 745411|librarian@aju.ac.zw